| 000 | 00547nam a22001697a 4500 | ||
|---|---|---|---|
| 999 |
_c10371 _d10371 |
||
| 008 | 151204b xxu||||| |||| 00| 0 eng d | ||
| 020 | _a0495188743 | ||
| 050 | _aQA 154.3 .T87 2007 | ||
| 100 |
_aTussy, Alan S. _d2007. |
||
| 245 |
_aElementary and Intermediate Algebra / _cAlan S. Tussy. |
||
| 250 | _a3th ed. | ||
| 260 |
_aAustralia : _bThomson Brooks/Cole, _c2007. |
||
| 300 |
_axxiv, 1094[57]p. : _bill. ; _c28cm. |
||
| 500 | _aincludes index. | ||
| 650 | _aAlgebra | ||
| 700 | _aGustafson, R. David. | ||
| 942 |
_2lcc _cBOOKS _hQA 154.3 .T87 2007 |
||